Flagi województw Polski do ich stolicy - Statystyki

Ogólne statystyki
  • Ten quiz został rozwiązany 1 600 razy
  • Średni wynik to 7 z 10
Statystyki odpowiedzi
Obrazkowy Odpowiedź % Poprawnych
Wrocław
85%
Warszawa
81%
Katowice
74%
Szczecin
74%
Gdańsk
72%
Kraków
69%
Białystok
67%
Rzeszów
66%
Kielce
64%
Łódź
61%
Nie znaleziono quizów pasujących do podanych kryteriów
Rozkład punktacji
Procent ludzi z każdym wynikiem
Percentyl według liczby udzielonych odpowiedzi
Twoja historia wyników
Nie rozwiązałeś tego quizu